Economics (Record no. 84023)

MARC details
000 -LEADER
fixed length control field 00792cab a22002055a 4500
001 - CONTROL NUMBER
control field L156454
008 - FIXED-LENGTH DATA ELEMENTS--GENERAL INFORMATION
fixed length control field 120523e20121007xxk f 000 0 eng d
035 ## - SYSTEM CONTROL NUMBER
System control number (Sirsi) u156454
041 0# - LANGUAGE CODE
Language code of text/sound track or separate title eng
100 1# - MAIN ENTRY--PERSONAL NAME
Personal name Roberts, Gareth
245 00 - TITLE STATEMENT
Title Economics
Remainder of title whole-life carbon
-- prestige offices
260 ## - PUBLICATION, DISTRIBUTION, ETC.
Date of publication, distribution, etc. 2012
490 ## - SERIES STATEMENT
Series statement Building
Volume/sequential designation 277 (8728) 18 May 2012, 52-56(5)
520 ## - SUMMARY, ETC.
Summary, etc. Using the example of a building in the City of London this economics forecast and analysis looks at introduction, whole-life carbon assessment, assessment methodology, whole-life carbon cost model - prestige offices, focus on cladding, and key findings and benefits.
590 ## - LOCAL NOTE (RLIN)
Local note KA
651 #4 - SUBJECT ADDED ENTRY--GEOGRAPHIC NAME
Geographic name United Kingdom
Chronological subdivision
690 ## - LOCAL SUBJECT ADDED ENTRY--TOPICAL TERM (OCLC, RLIN)
Topical term or geographic name as entry element Construction management
9 (RLIN) 6230
690 ## - LOCAL SUBJECT ADDED ENTRY--TOPICAL TERM (OCLC, RLIN)
Topical term or geographic name as entry element Cost management
9 (RLIN) 6233
942 ## - ADDED ENTRY ELEMENTS (KOHA)
Suppress in OPAC 0
Holdings
Withdrawn status Lost status Source of classification or shelving scheme Damaged status Not for loan Home library Current library Shelving location Date acquired Total Checkouts Full call number Barcode Date last seen Copy number Price effective from Koha item type
    Dewey Decimal Classification     London London Journal article 23/05/2012   L156454 156454-1001 06/08/2019 1 06/08/2019 Journal article